00226 a2200097 450000100060000008200170000610000140002324500460003726000350008330000100011876687 a891.4391 WAS aWasi Shah aMeray Ho Kay Raho (Urdu)cWasi ShahhUrdu aLahorebDua Publicationsc2008 a200 p